00568nam a2200169Ia 450000500170000000800410001702000150005808200130007310000170008624500610010326000410016430000130020550000620021894200060028095200970028699900150038320250528035426.0240331s9999 xx 000 0 und d a9552032253 bJAYa362 aJayasuriya,N 0aGanika wrthiyehi saba muhunuwara samaja vidyathmaka asin aColombo bS. Godage & Brothersc1998 a110 p ., aThe true face of prostitution - through sociological eyes cL 001040708LaWERCLbWERCLcSSCd2024-03-31l0o 362.8 JAYp2863r2024-03-31w2024-03-31yL c5036d5036